1770s Decade Quiz - Statistics

General Stats
  • This quiz has been taken 27,163 times
  • The average score is 11 of 18
Answer Stats
Hint Answer % Correct
Country that declared independence from Great Britain in 1776 United States
99%
Product that protestors dumped into Boston Harbor during an anti-tax "party" in 1773 Tea
98%
The leading general of that country George Washington
93%
The primary author of that's country's Declaration of Independence Thomas Jefferson
87%
British sea captain who "discovered" Hawaii but was killed by the people who already lived there James Cook
84%
Original English name of the Hawaiian islands, in honor of an earl who invented a way to eat bread and meat The {Sandwich} Islands
76%
Empire which sealed an alliance with France by marrying princess Marie Antoinette to the future Louis XVI Habsburg Empire / Austria
67%
Period of European history, lasting roughly from 1715–1789, that was characterized by increasing beliefs in rationality, science, liberty, and toleration The {Enlightenment}
67%
Historical book written by Edward Gibbon The Decline and Fall of the {Roman} {Empire}
66%
City whose opera house, "Teatro alla Scala", opened in 1778 Milan
65%
City home to the above author, as well as many other luminaries such as David Hume, Robert Burns, and James Hutton Edinburgh
57%
Author of "The Wealth of Nations", the foundational text of economics Adam Smith
56%
Author of "Candide" who died in Paris but was denied a Christian burial Voltaire
51%
Play by Johann Wolfgang von Goethe about a man who sold his soul to the devil Faust
48%
Scottish inventor who made major improvements to the steam engine James Watt
38%
Ruler of the above empire Maria {Theresa}
34%
Modern-day city founded by the Spanish as a religious mission dedicated to St. Francis of Assisi San Francisco
33%
Fur trapper who established the first English settlement in Kentucky Daniel Boone
26%
No matching quizzes found
Score Distribution
Percent of People with Each Score
Percentile by Number Answered
Your Score History
You have not taken this quiz